000 01089nam a22002777a 4500
005 20240530110442.0
008 150421s2012 su ado g b 000 0 ara d
017 _a1432/7759
_bالسعودية . مكتبة الملك فهد الوطنية
020 _a9786038087220
040 _aEG-CaGPL
082 0 4 _221
_a152/
_bم أ
100 0 _aمحمد احمد محمد دياب
245 1 0 _aاساسيات علم النفس العصبى /
_cمحمد احمد محمد دياب ، حازم عبدالرحمن فايد
250 _aط1
260 _aالرياض :
_bدار الزهراء للنشر و التوزيع ،
_c2012.
300 _a351 ص :
_bايض ؛
_c24 سم .
504 _aببليوجرافية : ص 341 - 346
650 0 4 _aالجهاز العصبى
650 0 4 _aالاعصاب
_xعلم
650 0 4 _aالعقلية
_xالجوانب النفسية
650 0 4 _aالعقل و الجسم
650 0 4 _aالعواطف
700 0 _aحازم عبدالرحمن فايد
_eمؤلف مشارك
942 _2ddc
_cBK
999 _c61064
_d61064